[Event "M.Chigorin Memorial 2017 "]
[Site "?????-?????????"]
[Date "2017.10.23"]
[Round "3"]
[Board "93"]
[White "Chekletsov, Egor"]
[Black "Tugarin, Anton"]
[Result "0-1"]
[WhiteElo "1970"]
[BlackElo "2251"]
[PlyCount "92"]
[EventDate "2017.10.21"]
[EventRounds "9"]
[EventCountry "RUS"]

1. d4 d5 2. c4 e6 3. Nc3 c6 4. cxd5 exd5 5. Bf4 Bd6 6. Bxd6 Qxd6 7. e3 Bf5 8.
Bd3 Bxd3 9. Qxd3 Nf6 10. Nf3 Nbd7 11. O-O O-O 12. b4 b5 13. a4 a6 14. Rab1 Nb6
15. a5 Nc4 16. Rfe1 Rfe8 17. e4 dxe4 18. Nxe4 Nxe4 19. Rxe4 Rxe4 20. Qxe4 Rd8
21. h3 h6 22. Ne5 Nd2 23. Qf4 Nxb1 24. Qxf7+ Kh8 25. Qf5 Qd5 26. Qxb1 Qe6 27.
Qe4 Kg8 28. f3 Rd6 29. Qf4 Qd5 30. Kh1 Rf6 31. Qg4 Qe6 32. Qe4 Qd6 33. Qg4 Qxb4
34. Qc8+ Kh7 35. Nd7 Rf7 36. Ne5 Rf8 37. Qxc6 Qb1+ 38. Kh2 Rf6 39. Qe8 Qf5 40.
Nd7 Rf7 41. Nc5 b4 42. Qe4 g6 43. d5 Qf4+ 44. Qxf4 Rxf4 45. d6 Rd4 46. d7 Kh8
 0-1

[Event "M.Chigorin Memorial 2017 "]
[Site "?????-?????????"]
[Date "2017.10.23"]
[Round "3"]
[Board "94"]
[White "Shuvalov, Evgenij"]
[Black "Sapegin, Yaroslav"]
[Result "1-0"]
[WhiteElo "2247"]
[BlackElo "2007"]
[PlyCount "95"]
[EventDate "2017.10.21"]
[EventRounds "9"]
[EventCountry "RUS"]

1. Nf3 Nc6 2. d4 d5 3. c4 Bg4 4. Nc3 e6 5. cxd5 exd5 6. Qb3 Bxf3 7. exf3 Nxd4
8. Qa4+ Nc6 9. Ba6 Qc8 10. O-O Bd6 11. Nxd5 Nge7 12. Nxe7 Kxe7 13. Bb5 Nd8 14.
Bg5+ Kf8 15. Bd7 b5 16. Qe4 Qxd7 17. Qxa8 f6 18. Bh4 g5 19. Bg3 Kg7 20. Bxd6
cxd6 21. Rac1 Ne6 22. Qc6 Rd8 23. g3 d5 24. Rfd1 d4 25. Qe4 Qd5 26. Rc6 Qxe4
27. fxe4 Kf7 28. f3 h5 29. Kf2 h4 30. Ra6 Rd7 31. Rc1 d3 32. Ke3 Nd4 33. gxh4
gxh4 34. h3 d2 35. Rd1 Nc2+ 36. Ke2 Nd4+ 37. Kf2 Nc2 38. Ra5 Nb4 39. Rxb5 Nxa2
40. Rd5 Rxd5 41. exd5 Ke7 42. Rxd2 Kd6 43. Ke3 Nb4 44. Ke4 a5 45. f4 Na6 46.
Kf5 Nc5 47. Kg4 Ne4 48. Rd4  1-0

[Event "M.Chigorin Memorial 2017 "]
[Site "?????-?????????"]
[Date "2017.10.23"]
[Round "3"]
[Board "95"]
[White "Chernyak, Viktoria"]
[Black "Shakirova, Renata"]
[Result "1/2-1/2"]
[WhiteElo "2236"]
[BlackElo "2004"]
[PlyCount "94"]
[EventDate "2017.10.21"]
[EventRounds "9"]
[EventCountry "RUS"]

1. g3 Nf6 2. Bg2 c5 3. c4 Nc6 4. e3 e5 5. Ne2 d5 6. cxd5 Nxd5 7. O-O Be7 8.
Nbc3 Nc7 9. f4 O-O 10. fxe5 Nxe5 11. d4 Nc6 12. d5 Ne5 13. e4 Bd6 14. a4 a6 15.
Bf4 Bd7 16. Nc1 Bg4 17. Qc2 Qd7 18. Nd3 f6 19. Nxe5 Bxe5 20. Bxe5 fxe5 21. Na2
Rfc8 22. Qc3 Qd6 23. h3 Bd7 24. Nc1 b6 25. Nd3 Re8 26. Rf2 Re7 27. Kh2 Rc8 28.
b3 Ne8 29. Rfa2 Nf6 30. Nb2 Ne8 31. Nc4 Qb8 32. a5 bxa5 33. Rxa5 Bb5 34. h4 Nd6
35. Ne3 g6 36. R5a2 Qc7 37. Nc4 Rf8 38. Na5 Ref7 39. Rc2 Bf1 40. Bxf1 Rxf1 41.
Rxf1 Rxf1 42. Qxe5 Qxa5 43. Qxd6 Qe1 44. Qe6+ Kg7 45. Qe5+ Kg8 46. Qe8+ Kg7 47.
Qe7+ Kg8  1/2-1/2

[Event "M.Chigorin Memorial 2017 "]
[Site "?????-?????????"]
[Date "2017.10.23"]
[Round "3"]
[Board "96"]
[White "Pogorelskikh, Sofia"]
[Black "Nasibullin, Iskander"]
[Result "1-0"]
[WhiteElo "1959"]
[BlackElo "2234"]
[PlyCount "173"]
[EventDate "2017.10.21"]
[EventRounds "9"]
[EventCountry "RUS"]

1. e4 e5 2. Nf3 Nc6 3. Bb5 Nge7 4. d4 exd4 5. Nxd4 g6 6. Nxc6 Nxc6 7. Bd2 Bg7
8. Bc3 O-O 9. Bxg7 Kxg7 10. Nc3 d6 11. Qd2 Be6 12. h4 h5 13. O-O-O a6 14. Bxc6
bxc6 15. f3 Rh8 16. Kb1 Rb8 17. Qd4+ Qf6 18. Ne2 Rb6 19. Nf4 Re8 20. Nxe6+ Rxe6
21. Qxf6+ Kxf6 22. Rd3 Rb5 23. Rhd1 g5 24. Rc3 Rb6 25. hxg5+ Kxg5 26. a4 a5 27.
g3 Kg6 28. b3 Re5 29. Kb2 c5 30. Rd5 Kf6 31. Rcd3 Rxd5 32. Rxd5 Kg6 33. Kc3 f6
34. f4 Ra6 35. e5 fxe5 36. fxe5 Rb6 37. exd6 cxd6 38. Kd3 Kh6 39. Ke4 Kg6 40.
Rd3 Kg5 41. Kd5 Kg4 42. Re3 Kh3 43. Ke6 Kg2 44. Rd3 Rb4 45. Rd5 Re4+ 46. Kxd6
Rd4 47. c4 Kxg3 48. Kxc5 Rxd5+ 49. cxd5 h4 50. d6 h3 51. d7 h2 52. d8=Q h1=Q
53. Qg5+ Kf2 54. Qd2+ Kg3 55. Qc3+ Kf2 56. Qxa5 Qc1+ 57. Kb6 Qh6+ 58. Ka7 Qh7+
59. Ka6 Qg8 60. Qb6+ Ke1 61. a5 Qc8+ 62. Kb5 Qe8+ 63. Kc4 Qe2+ 64. Kb4 Qd2+ 65.
Ka3 Qc1+ 66. Ka4 Qa1+ 67. Kb4 Kd2 68. Qf2+ Kd3 69. Qf3+ Kd2 70. Qd5+ Kc2 71.
Qc4+ Kd2 72. a6 Qf6 73. Qd5+ Kc2 74. Qc5+ Kb2 75. a7 Qf4+ 76. Ka5 Qd2+ 77. Ka6
Qd3+ 78. Ka5 Qd2+ 79. b4 Qd8+ 80. Qb6 Qd5+ 81. Qc5 Qd8+ 82. Ka6 Qf6+ 83. Qb6
Qf3 84. b5 Qd5 85. Qc6 Qa2+ 86. Kb6 Qa3 87. a8=Q  1-0

[Event "M.Chigorin Memorial 2017 "]
[Site "?????-?????????"]
[Date "2017.10.23"]
[Round "3"]
[Board "97"]
[White "Zimin, Alexey"]
[Black "Kuznetsov, Roman"]
[Result "1-0"]
[WhiteElo "2227"]
[BlackElo "2004"]
[PlyCount "53"]
[EventDate "2017.10.21"]
[EventRounds "9"]
[EventCountry "RUS"]

1. e4 e6 2. d4 d5 3. Nc3 Nf6 4. e5 Nfd7 5. f4 c5 6. Nf3 Nc6 7. Be3 cxd4 8. Nxd4
Nxd4 9. Bxd4 a6 10. Qg4 g6 11. O-O-O Bc5 12. Ne4 Bxd4 13. Nd6+ Kf8 14. Rxd4 b5
15. h4 h5 16. Qd1 Nb6 17. g4 Qc7 18. gxh5 gxh5 19. Rg1 Nc4 20. Bxc4 bxc4 21.
Nxc4 Rb8 22. Nd6 Qb6 23. b3 Bd7 24. Qd2 Ke7 25. f5 Be8 26. fxe6 Kxe6 27. Rf1
 1-0

[Event "M.Chigorin Memorial 2017 "]
[Site "?????-?????????"]
[Date "2017.10.23"]
[Round "3"]
[Board "98"]
[White "Kuznetsov, Mikhail"]
[Black "Pogorelskikh, Sergey"]
[Result "0-1"]
[WhiteElo "1947"]
[BlackElo "2225"]
[PlyCount "66"]
[EventDate "2017.10.21"]
[EventRounds "9"]
[EventCountry "RUS"]

1. d4 Nf6 2. c4 g6 3. f3 Bg7 4. e4 d6 5. Nc3 O-O 6. Be3 c5 7. d5 e6 8. Nge2 b6
9. Qc2 Ba6 10. Nf4 exd5 11. Nfxd5 Nxd5 12. Nxd5 Nc6 13. Rd1 Nd4 14. Qa4 Bb7 15.
Rd2 Bc6 16. Qd1 f5 17. Bd3 Bxd5 18. cxd5 Qh4+ 19. Rf2 fxe4 20. g3 Qh3 21. Bxe4
Rae8 22. Qd3 Nf5 23. Bf4 g5 24. g4 Nd4 25. Bg3 h5 26. gxh5 c4 27. Qf1 Qxh5 28.
Kd2 g4 29. Qb1 gxf3 30. Rhf1 Qg5+ 31. Kd1 Bh6 32. Rg1 Rxe4 33. Qxe4 Qc1#  0-1

[Event "M.Chigorin Memorial 2017 "]
[Site "?????-?????????"]
[Date "2017.10.23"]
[Round "3"]
[Board "99"]
[White "Eynullayev, Altay"]
[Black "Ansat, Aldiyar"]
[Result "0-1"]
[WhiteElo "2220"]
[BlackElo "1996"]
[PlyCount "58"]
[EventDate "2017.10.21"]
[EventRounds "9"]
[EventCountry "RUS"]

1. e4 c5 2. Nf3 d6 3. d4 cxd4 4. Nxd4 Nf6 5. Nc3 g6 6. Be3 Bg7 7. f3 O-O 8. Qd2
Nc6 9. g4 Be6 10. Nxe6 fxe6 11. O-O-O Rc8 12. Kb1 Qa5 13. Bh6 Bxh6 14. Qxh6 Ne5
15. Be2 Rxc3 16. bxc3 Rc8 17. Qd2 Rxc3 18. Rhf1 Qb4+ 19. Ka1 Qc5 20. Kb1 Nc6
21. Qc1 Nd4 22. Bd3 Nd7 23. Qb2 Nb6 24. Rd2 Na4 25. Qxb7 Ra3 26. c4 Nc3+ 27.
Kb2 Rxa2+ 28. Kxc3 Qa5+ 29. Kxd4 e5+  0-1

[Event "M.Chigorin Memorial 2017 "]
[Site "?????-?????????"]
[Date "2017.10.23"]
[Round "3"]
[Board "100"]
[White "Vorobyova, Valeriya"]
[Black "Protopopova, Anastasiya"]
[Result "0-1"]
[WhiteElo "1945"]
[BlackElo "2219"]
[PlyCount "128"]
[EventDate "2017.10.21"]
[EventRounds "9"]
[EventCountry "RUS"]

1. e4 c6 2. d4 d5 3. Nc3 dxe4 4. Nxe4 Nf6 5. Nxf6+ gxf6 6. Be2 Rg8 7. Bf3 Bf5
8. c3 e6 9. Bf4 Bd6 10. Bxd6 Qxd6 11. Ne2 Nd7 12. Ng3 Bg6 13. h4 h6 14. Qd2 Qf8
15. O-O O-O-O 16. b4 Ne5 17. Be2 h5 18. Qf4 Nd7 19. a4 e5 20. dxe5 fxe5 21. Qc4
f5 22. b5 Bf7 23. Qd3 f4 24. bxc6 fxg3 25. cxd7+ Rxd7 26. Qf5 Bd5 27. Qxf8+
Rxf8 28. fxg3 Rg8 29. Kh2 Rdg7 30. Bxh5 Rxg3 31. Rf8+ Rxf8 32. Kxg3 Rg8+ 33.
Bg4+ Be6 34. Kf2 Rxg4 35. g3 a5 36. Re1 e4 37. h5 Bf5 38. h6 Bh7 39. c4 Rg6 40.
Rh1 Rf6+ 41. Ke2 Rc6 42. g4 Rxc4 43. Rf1 b5 44. axb5 Kb7 45. Rf7+ Rc7 46. Rf6
Rc2+ 47. Ke3 Rc3+ 48. Kd4 Rd3+ 49. Kc5 Rd7 50. g5 e3 51. Re6 Bg8 52. Rb6+ Kc7
53. Rc6+ Kb7 54. Rb6+ Kc7 55. Rc6+ Kd8 56. Rg6 Bh7 57. Re6 Re7 58. Rd6+ Kc7 59.
b6+ Kb7 60. g6 e2 61. gxh7 e1=Q 62. h8=Q Qb4+ 63. Kd5 Qb5+ 64. Kd4 Qb2+  0-1

[Event "M.Chigorin Memorial 2017 "]
[Site "?????-?????????"]
[Date "2017.10.23"]
[Round "3"]
[Board "101"]
[White "Anchutin, Nikita"]
[Black "Kundianok, Vladislav"]
[Result "1-0"]
[WhiteElo "2219"]
[BlackElo "1993"]
[PlyCount "105"]
[EventDate "2017.10.21"]
[EventRounds "9"]
[EventCountry "RUS"]

1. d4 Nf6 2. c4 e6 3. g3 Be7 4. Bg2 d5 5. Nf3 O-O 6. O-O c5 7. cxd5 Nxd5 8.
dxc5 Bxc5 9. a3 Nc6 10. Qc2 Qb6 11. b4 Bd6 12. e4 Nf6 13. Rd1 Qc7 14. Bb2 Ng4
15. Nbd2 Nge5 16. Rac1 Qb8 17. Kh1 f6 18. Nc4 Nxc4 19. Qxc4 Ne5 20. Nxe5 Bxe5
21. Bxe5 Qxe5 22. f4 Qb2 23. Qc7 Qxa3 24. Qe7 Qa4 25. Rd8 Rxd8 26. Qxd8+ Kf7
27. f5 Qe8 28. Rc7+ Kf8 29. Qd6+ Kg8 30. Re7 Qf8 31. fxe6 a5 32. Qc7 axb4 33.
h4 b3 34. Rf7 Bxe6 35. Rxf8+ Kxf8 36. Qb6 Ra1+ 37. Kh2 Kf7 38. Qxb7+ Kg6 39. e5
Ra2 40. Kg1 Ra1+ 41. Kf2 b2 42. Be4+ f5 43. Bc2 Ra2 44. Bb1 Ra3 45. Qxb2 Rb3
46. Qc1 h6 47. Ba2 Rb6 48. Bxe6 Rxe6 49. Qc5 Kf7 50. h5 g6 51. hxg6+ Kxg6 52.
Kf3 Kg5 53. Qd5  1-0

[Event "M.Chigorin Memorial 2017 "]
[Site "?????-?????????"]
[Date "2017.10.23"]
[Round "3"]
[Board "102"]
[White "Shpartko, Grigory"]
[Black "Gordon, Evgeny"]
[Result "1-0"]
[WhiteElo "2216"]
[BlackElo "1990"]
[PlyCount "125"]
[EventDate "2017.10.21"]
[EventRounds "9"]
[EventCountry "RUS"]

1. d4 d5 2. c4 c5 3. dxc5 e6 4. Nf3 Bxc5 5. e3 Nf6 6. Nc3 O-O 7. a3 a5 8. b3
Nc6 9. Bb2 Ba7 10. h3 dxc4 11. Bxc4 Qc7 12. Qe2 Bb8 13. O-O e5 14. e4 Nd4 15.
Qd3 Ne6 16. Bxe6 Bxe6 17. Nb5 Qd7 18. Qe2 Bxb3 19. a4 Qc6 20. Nd2 Be6 21. Rac1
Qb6 22. Nc4 Bxc4 23. Qxc4 Bd6 24. Rfd1 Rad8 25. Nxd6 Rxd6 26. Bxe5 Re6 27. Bc7
Qb4 28. e5 Ne4 29. f3 Ng3 30. Kh2 Qxc4 31. Rxc4 Nf5 32. Rc5 h5 33. g4 hxg4 34.
hxg4 Rh6+ 35. Kg1 Ne7 36. Bd6 Re8 37. Bxe7 Rxe7 38. Rd8+ Kh7 39. Rxa5 Ra6 40.
Rxa6 bxa6 41. Rd5 g5 42. Kf2 Rb7 43. Ke3 Rb4 44. Rd4 Rb6 45. Ke4 Rb3 46. Rd7
Kg8 47. Rd3 Rb4+ 48. Rd4 Rb3 49. Rd6 a5 50. Ra6 Rb4+ 51. Kf5 Rf4+ 52. Kxg5 Rxf3
53. Rxa5 Rf1 54. Rb5 Kf8 55. a5 Ra1 56. Kf5 Rf1+ 57. Ke4 Ke7 58. Rb7+ Ke6 59.
Rb6+ Ke7 60. a6 Ra1 61. Kd5 Ra5+ 62. Kc6 Ke6 63. Kb7+  1-0

[Event "M.Chigorin Memorial 2017 "]
[Site "?????-?????????"]
[Date "2017.10.23"]
[Round "3"]
[Board "103"]
[White "Ibadov, Dashgyn"]
[Black "Atakishiyev, Elmar"]
[Result "1-0"]
[WhiteElo "2213"]
[BlackElo "1969"]
[PlyCount "69"]
[EventDate "2017.10.21"]
[EventRounds "9"]
[EventCountry "RUS"]

1. e4 e6 2. d4 d5 3. Nc3 Nf6 4. Bg5 Be7 5. e5 Nfd7 6. Bxe7 Qxe7 7. f4 a6 8. Nf3
c5 9. dxc5 Nc6 10. Qd2 Qxc5 11. Bd3 b5 12. a3 Bb7 13. Ne2 Nb6 14. b3 O-O-O 15.
b4 Qe7 16. Ned4 Nc4 17. Qf2 f6 18. O-O Nxd4 19. Qxd4 Rhf8 20. a4 Qc7 21. axb5
axb5 22. Rfe1 Qc6 23. Re2 h6 24. exf6 gxf6 25. Rae1 Rfe8 26. Qxf6 Kb8 27. Rxe6
Rxe6 28. Qxe6 Qc7 29. Bxc4 Qxc4 30. Qe5+ Kc8 31. c3 d4 32. Nxd4 Qxc3 33. Nxb5
Qxe5 34. fxe5 Bc6 35. Na7+  1-0

[Event "M.Chigorin Memorial 2017 "]
[Site "?????-?????????"]
[Date "2017.10.23"]
[Round "3"]
[Board "104"]
[White "Andrijashkin, Deniss"]
[Black "Khadzhiev, Valery"]
[Result "0-1"]
[WhiteElo "1929"]
[BlackElo "2208"]
[PlyCount "70"]
[EventDate "2017.10.21"]
[EventRounds "9"]
[EventCountry "RUS"]

1. e4 e6 2. d3 d5 3. Nd2 Nf6 4. Ngf3 Be7 5. g3 O-O 6. Bg2 c5 7. O-O Nc6 8. Re1
dxe4 9. Nxe4 Nxe4 10. Rxe4 Bf6 11. Nd2 b6 12. Rg4 Bb7 13. Ne4 Be5 14. Rh4 g6
15. Qd2 Bg7 16. Ng5 h6 17. Nh3 g5 18. Rh5 f6 19. f4 Qe8 20. g4 Qd7 21. Nf2 Nd4
22. Ne4 Rad8 23. Qf2 f5 24. gxf5 exf5 25. Nc3 Bxg2 26. Qxg2 Qf7 27. Rh3 g4 28.
Rg3 Rfe8 29. Re3 Re6 30. Nd1 Rde8 31. h3 h5 32. c3 Nf3+ 33. Kf2 Qd7 34. Ke2 Qa4
35. Kf1 Qxd1+  0-1

[Event "M.Chigorin Memorial 2017 "]
[Site "?????-?????????"]
[Date "2017.10.23"]
[Round "3"]
[Board "105"]
[White "Davydov, Sergey P."]
[Black "Natarov, Ilya"]
[Result "1/2-1/2"]
[WhiteElo "2207"]
[BlackElo "1961"]
[PlyCount "80"]
[EventDate "2017.10.21"]
[EventRounds "9"]
[EventCountry "RUS"]

1. Nf3 d5 2. c4 c6 3. b3 Nf6 4. Bb2 e6 5. g3 Nbd7 6. Bg2 Bd6 7. d4 O-O 8. O-O
Ne4 9. Ba3 Bxa3 10. Nxa3 Qe7 11. Nc2 dxc4 12. bxc4 Nef6 13. Ne3 Rd8 14. Qc2 Nf8
15. c5 Ng6 16. Nc4 e5 17. e3 exd4 18. exd4 Be6 19. Rfe1 Qd7 20. Nd6 Ne8 21. Ne5
Qc7 22. Nxe8 Rxe8 23. Nc4 Bxc4 24. Qxc4 Qa5 25. Reb1 Re7 26. Qb4 Qxb4 27. Rxb4
Rd8 28. Rab1 Rdd7 29. Bh3 Rc7 30. f4 Nf8 31. f5 h6 32. Kf1 Nh7 33. Re1 Nf6 34.
Rxe7 Rxe7 35. a4 Nd5 36. Rb3 a5 37. Kf2 Nb4 38. Re3 Kf8 39. Rxe7 Kxe7 40. Ke3
Kf6  1/2-1/2

[Event "M.Chigorin Memorial 2017 "]
[Site "?????-?????????"]
[Date "2017.10.23"]
[Round "3"]
[Board "106"]
[White "Sukhareva, Evgeniya"]
[Black "Dushin, Nikolay"]
[Result "1/2-1/2"]
[WhiteElo "2207"]
[BlackElo "1956"]
[PlyCount "107"]
[EventDate "2017.10.21"]
[EventRounds "9"]
[EventCountry "RUS"]

1. d4 g6 2. c4 Bg7 3. e4 d6 4. h3 c5 5. d5 e5 6. g4 h5 7. g5 Ne7 8. Nc3 Na6 9.
Be3 b6 10. a3 O-O 11. Nge2 Nc7 12. b4 a6 13. Rb1 Bd7 14. Nc1 Rb8 15. Be2 f5 16.
gxf6 Rxf6 17. Nd3 Ne8 18. Qb3 Rc8 19. a4 a5 20. bxa5 bxa5 21. Nb5 Rb8 22. Qc3
Rf7 23. Bd2 Kh7 24. Qc1 Nc8 25. Bg5 Bf6 26. h4 Be7 27. Rg1 Nf6 28. f3 Be8 29.
Qc3 Ra8 30. Kd2 Nb6 31. Qc2 Bf8 32. Kc3 Bh6 33. Bd1 Bg7 34. Kd2 Rb7 35. Kc1 Qd7
36. Rg3 Nc8 37. Rb2 Kg8 38. Kb1 Nb6 39. Ka2 Nh7 40. Ka3 Nxg5 41. hxg5 Rab8 42.
Be2 Nc8 43. Bf1 Qd8 44. Nc1 Rf7 45. Nd3 Rbb7 46. Qh2 Nb6 47. Ne1 Rf8 48. Ng2
Qb8 49. Be2 Rff7 50. Nh4 Rfe7 51. Bf1 Bf7 52. Qd2 Qd8 53. Kb3 Rb8 54. Ka3
 1/2-1/2

[Event "M.Chigorin Memorial 2017 "]
[Site "?????-?????????"]
[Date "2017.10.23"]
[Round "3"]
[Board "107"]
[White "Khalikov, Bulat"]
[Black "Utiatskaja, Irina"]
[Result "0-1"]
[WhiteElo "1925"]
[BlackElo "2203"]
[PlyCount "78"]
[EventDate "2017.10.21"]
[EventRounds "9"]
[EventCountry "RUS"]

1. e4 c5 2. Nf3 a6 3. d4 cxd4 4. Nxd4 Nf6 5. Nc3 d6 6. Bg5 Nbd7 7. f4 Qc7 8.
Qf3 b5 9. O-O-O Bb7 10. Bd3 g6 11. g4 Bg7 12. Nce2 h6 13. Bxf6 Bxf6 14. h4 h5
15. gxh5 Rxh5 16. Qg4 O-O-O 17. Rh3 Kb8 18. Nb3 Rdh8 19. Rdh1 Bc8 20. Qg3 Nc5
21. R3h2 Na4 22. c3 b4 23. Bc2 bxc3 24. bxc3 Nxc3 25. Nxc3 Bxc3 26. Kb1 Bf6 27.
Bd1 Rb5 28. Rc2 Qb6 29. Be2 Rb4 30. Bc4 Qd4 31. Kc1 Qxe4 32. Re1 Qf5 33. Rh1
Bb7 34. Bd3 Qxf4+ 35. Qxf4 Rxf4 36. Rh3 Rfxh4 37. Rxh4 Rxh4 38. Na5 Rh1+ 39.
Kd2 Rh2+  0-1

[Event "M.Chigorin Memorial 2017 "]
[Site "?????-?????????"]
[Date "2017.10.23"]
[Round "3"]
[Board "108"]
[White "Kharmunova, Nadezhda"]
[Black "Stepanyan, Eva"]
[Result "1-0"]
[WhiteElo "2199"]
[BlackElo "1952"]
[PlyCount "47"]
[EventDate "2017.10.21"]
[EventRounds "9"]
[EventCountry "RUS"]

1. d4 Nf6 2. c4 e6 3. Nf3 b6 4. g3 Bb7 5. Bg2 Be7 6. O-O O-O 7. Nc3 d5 8. cxd5
exd5 9. Bf4 Nbd7 10. Qc2 c5 11. Rfd1 Qc8 12. Rac1 Ne4 13. Nxe4 dxe4 14. Ne5
Nxe5 15. Bxe5 Qf5 16. Bf4 Qe6 17. dxc5 Bxc5 18. a3 a5 19. Qd2 Qe7 20. Bd6 Bxd6
21. Qxd6 Qe6 22. Rc7 Rab8 23. Qxe6 fxe6 24. Rdd7  1-0

[Event "M.Chigorin Memorial 2017 "]
[Site "?????-?????????"]
[Date "2017.10.23"]
[Round "3"]
[Board "109"]
[White "Yakimenko, Viktoria"]
[Black "Azimov, Ilyas"]
[Result "1-0"]
[WhiteElo "1922"]
[BlackElo "2195"]
[PlyCount "71"]
[EventDate "2017.10.21"]
[EventRounds "9"]
[EventCountry "RUS"]

1. e4 c5 2. Nf3 d6 3. d4 cxd4 4. Nxd4 Nf6 5. f3 e5 6. Nb3 Be6 7. c4 a5 8. Be3
a4 9. N3d2 Qa5 10. Be2 Be7 11. Na3 O-O 12. Nc2 Nc6 13. O-O Bd8 14. Kh1 Nb4 15.
Na3 Bb6 16. Bg5 Nh5 17. Be7 Rfe8 18. Bxd6 Bd4 19. Nb5 Rac8 20. Nxd4 exd4 21. a3
Na6 22. f4 Nf6 23. e5 Bg4 24. Bxg4 Nxg4 25. Ne4 f5 26. exf6 Ne3 27. Qxd4 Qf5
28. Be5 Rxc4 29. Qxe3 Rxe4 30. Qg3 g6 31. Rac1 Nb8 32. Qf3 h5 33. Qd1 Qe6 34.
Qd3 Qf5 35. Qd5+ Kh7 36. Qf7+  1-0

[Event "M.Chigorin Memorial 2017 "]
[Site "?????-?????????"]
[Date "2017.10.23"]
[Round "3"]
[Board "110"]
[White "Razumovskiy, Mikhail"]
[Black "Kotau, Arseni"]
[Result "0-1"]
[WhiteElo "1908"]
[BlackElo "2187"]
[PlyCount "56"]
[EventDate "2017.10.21"]
[EventRounds "9"]
[EventCountry "RUS"]

1. d4 Nf6 2. c4 g6 3. f3 d6 4. e4 Bg7 5. Nc3 O-O 6. Be3 c5 7. Nge2 Nc6 8. d5
Ne5 9. Nc1 e6 10. Be2 exd5 11. cxd5 a6 12. a4 h5 13. O-O Nh7 14. Rb1 f5 15. b4
f4 16. Bf2 cxb4 17. Rxb4 Nxf3+ 18. Bxf3 Bxc3 19. Rb6 Ng5 20. Qd3 Be5 21. Bd4
Nxf3+ 22. gxf3 Bh3 23. Rf2 Rc8 24. Nb3 Bxd4 25. Qxd4 Rc4 26. Qxc4 Qxb6 27. a5
Qe3 28. Nd2 Rc8  0-1

[Event "M.Chigorin Memorial 2017 "]
[Site "?????-?????????"]
[Date "2017.10.23"]
[Round "3"]
[Board "111"]
[White "Oglaza, Oskar"]
[Black "Runets, Ivan"]
[Result "0-1"]
[WhiteElo "2182"]
[BlackElo "1945"]
[PlyCount "144"]
[EventDate "2017.10.21"]
[EventRounds "9"]
[EventCountry "RUS"]

1. e4 c5 2. Nf3 e6 3. d4 cxd4 4. Nxd4 Nf6 5. Bd3 Nc6 6. Nb3 Be7 7. O-O d5 8.
exd5 Nxd5 9. a3 O-O 10. c4 Nf6 11. Qe2 Qb6 12. Be3 Qc7 13. Nc3 b6 14. Rac1 Bb7
15. c5 bxc5 16. Nb5 Qe5 17. Bxc5 Qxe2 18. Bxe2 Ba6 19. Bxe7 Nxe7 20. a4 Ned5
21. Nc5 Bxb5 22. axb5 Rab8 23. Na6 Rb6 24. Rfd1 g6 25. Rc2 Ne4 26. Nc7 Rc8 27.
Rdc1 Rxc7 28. Rxc7 Nxc7 29. Rxc7 Nd6 30. Rxa7 Nxb5 31. Ra4 Nc7 32. Ra2 Kg7 33.
f3 e5 34. Kf2 Ne6 35. Bc4 Nd4 36. b3 Rb7 37. Ra5 Kf6 38. Ra6+ Kg5 39. Ra5 f6
40. g3 Nxb3 41. f4+ Kf5 42. Bd3+ Kg4 43. Be2+ Kh3 44. Bf1+ Kxh2 45. Ra2 Nd4 46.
Ke3+ Kxg3 47. Rg2+ Kh4 48. Ke4 Rb3 49. fxe5 fxe5 50. Rh2+ Kg5 51. Rxh7 Kf6 52.
Bc4 Rb4 53. Rf7+ Kg5 54. Bd5 Nc6+ 55. Kf3 e4+ 56. Ke3 Ne5 57. Rf8 Ng4+ 58. Ke2
Rb2+ 59. Ke1 Nf6 60. Bc6 Rb6 61. Ba8 Kf4 62. Rc8 g5 63. Rc2 Rb1+ 64. Kf2 Ng4+
65. Ke2 Ne5 66. Ra2 Rb4 67. Bd5 g4 68. Ra8 Rb2+ 69. Kf1 e3 70. Ra4+ Kg3 71. Ra3
Nf3 72. Ra2 e2#  0-1

[Event "M.Chigorin Memorial 2017 "]
[Site "?????-?????????"]
[Date "2017.10.23"]
[Round "3"]
[Board "112"]
[White "Kovalenko, Kleopatra"]
[Black "Navrodskiy, Boris"]
[Result "0-1"]
[WhiteElo "1879"]
[BlackElo "2180"]
[PlyCount "68"]
[EventDate "2017.10.21"]
[EventRounds "9"]
[EventCountry "RUS"]

1. e4 c6 2. d4 d5 3. Nc3 dxe4 4. Nxe4 Nd7 5. Ng5 Ngf6 6. Bd3 e6 7. N1f3 Be7 8.
Qe2 O-O 9. Bd2 h6 10. Ne4 Nxe4 11. Qxe4 Nf6 12. Qe2 c5 13. dxc5 Bxc5 14. O-O-O
Qb6 15. h3 Bd7 16. g4 Bc6 17. g5 hxg5 18. Bxg5 Nd5 19. Qe4 g6 20. Bh6 Bxf2 21.
Bxf8 Be3+ 22. Nd2 Nc3 23. Qe5 Nxa2+ 24. Kb1 Bd4 25. Nc4 Nc3+ 26. Kc1 Bxe5 27.
Nxb6 Bf4+ 28. Rd2 axb6 29. bxc3 Bxh1 30. Be7 e5 31. h4 e4 32. Bc4 Rc8 33. Bd5
Bxd2+ 34. Kxd2 e3+  0-1

[Event "M.Chigorin Memorial 2017 "]
[Site "?????-?????????"]
[Date "2017.10.23"]
[Round "3"]
[Board "113"]
[White "Zhou, Guijue"]
[Black "Rudikov, Dmitry"]
[Result "1-0"]
[WhiteElo "2179"]
[BlackElo "1943"]
[PlyCount "53"]
[EventDate "2017.10.21"]
[EventRounds "9"]
[EventCountry "RUS"]

1. e4 c5 2. Nf3 d6 3. d4 cxd4 4. Qxd4 a6 5. c4 Nc6 6. Qe3 Nf6 7. h3 g6 8. Be2
Bg7 9. O-O Nd7 10. Nc3 O-O 11. Rb1 Nde5 12. Nxe5 Bxe5 13. Rd1 f5 14. f4 Bxc3
15. Qxc3 fxe4 16. b4 e5 17. fxe5 Nxe5 18. c5 Qf6 19. Qg3 Nf3+ 20. gxf3 exf3 21.
Bc4+ Be6 22. Bb2 Qf7 23. Bxe6 Qxe6 24. cxd6 f2+ 25. Kh2 Qe2 26. Rf1 Rae8 27.
Qc3  1-0

[Event "M.Chigorin Memorial 2017 "]
[Site "?????-?????????"]
[Date "2017.10.23"]
[Round "3"]
[Board "114"]
[White "Anant, Prabhudesai"]
[Black "Semenenko, Sergey"]
[Result "0-1"]
[WhiteElo "1869"]
[BlackElo "2175"]
[PlyCount "86"]
[EventDate "2017.10.21"]
[EventRounds "9"]
[EventCountry "RUS"]

1. Nf3 c5 2. g3 b6 3. Bg2 Bb7 4. O-O Nf6 5. c4 e6 6. Nc3 Be7 7. d4 cxd4 8. Qxd4
d6 9. Rd1 a6 10. b3 Nbd7 11. Ba3 Nc5 12. e4 O-O 13. e5 dxe5 14. Qxe5 Qc8 15.
Bb2 Bc6 16. Ne1 Ra7 17. Rac1 Qa8 18. Rc2 Rd7 19. Rcd2 Bxg2 20. Nxg2 Qf3 21. Ne1
Qc6 22. Rxd7 Ncxd7 23. Qe2 Rb8 24. Nf3 Bc5 25. Ng5 b5 26. cxb5 axb5 27. Nce4
Be7 28. Nxf6+ Nxf6 29. Bxf6 Bxf6 30. Qh5 Bxg5 31. Qxg5 f6 32. Qe3 Ra8 33. Rc1
Qd7 34. Qe2 h6 35. h4 Qd5 36. Rd1 Qc6 37. Re1 e5 38. Rd1 Kh7 39. h5 Qe8 40.
Qe4+ Kh8 41. Rd2 Ra7 42. Kg2 Re7 43. Qg6 Qa8+ {unreadable}  0-1

[Event "M.Chigorin Memorial 2017 "]
[Site "?????-?????????"]
[Date "2017.10.23"]
[Round "3"]
[Board "115"]
[White "Petrova, Irina"]
[Black "Aga, Rihard"]
[Result "1-0"]
[WhiteElo "2174"]
[BlackElo "1842"]
[PlyCount "123"]
[EventDate "2017.10.21"]
[EventRounds "9"]
[EventCountry "RUS"]

1. e4 c6 2. d4 d5 3. Nc3 dxe4 4. Nxe4 Nf6 5. Nxf6+ gxf6 6. c3 Bf5 7. Nf3 e6 8.
Bf4 Bd6 9. Bg3 Qc7 10. Bd3 Bg6 11. Qc2 Nd7 12. O-O-O O-O-O 13. Kb1 Rhe8 14. Nd2
c5 15. Bxg6 hxg6 16. Bxd6 Qxd6 17. Ne4 Qe7 18. Qa4 Kb8 19. Qb5 a6 20. Qa5 c4
21. Rhe1 Ka7 22. Nc5 Rc8 23. Nxd7 Qxd7 24. f3 Qd5 25. Qxd5 exd5 26. Kc2 Kb8 27.
Kd2 Kc7 28. Rxe8 Rxe8 29. Re1 Re6 30. h4 Kd7 31. g4 Rb6 32. Kc2 Re6 33. Kd1 b5
34. Kd2 a5 35. h5 gxh5 36. gxh5 Ke7 37. Rh1 Kf8 38. h6 Kg8 39. Rh5 Rd6 40. h7+
Kh8 41. Ke3 Re6+ 42. Kf2 Rd6 43. Kg3 b4 44. Kf4 b3 45. axb3 cxb3 46. Ke3 a4 47.
Kd3 Rb6 48. Rxd5 a3 49. Rh5 a2 50. Rh1 Ra6 51. Ra1 Kxh7 52. c4 Kg6 53. Kc3 Rb6
54. c5 Rb8 55. d5 Kf5 56. Kc4 Ke5 57. Re1+ Kf5 58. c6 Ra8 59. c7 Kf4 60. d6
a1=Q 61. Rxa1 Rxa1 62. d7  1-0